Hexstone Holdings v AHC Westlink (Record no. 83123)

MARC details
000 -LEADER
fixed length control field 01297cad a22002055a 4500
001 - CONTROL NUMBER
control field L152855
008 - FIXED-LENGTH DATA ELEMENTS--GENERAL INFORMATION
fixed length control field 110506e20100611xxk 000 0 eng d
035 ## - SYSTEM CONTROL NUMBER
System control number (Sirsi) u152855
041 0# - LANGUAGE CODE
Language code of text/sound track or separate title eng
245 00 - TITLE STATEMENT
Title Hexstone Holdings v AHC Westlink
260 ## - PUBLICATION, DISTRIBUTION, ETC.
Date of publication, distribution, etc. 2011
520 ## - SUMMARY, ETC.
Summary, etc. [2010] EWHC 1280 (Ch) 11 June 2010. Concerns the problem of how to exercise break rights in leases effectively. Defendant tenant (A) tried to exercise a break clause in a lease granted by claimant landlord (H) after A had merged with Eddie Stobart Ltd (E). E, a separate company, served the break notice rather than A. H contended that the break notice was invalid because it did not bear A's name. "Held": HC found for H because the notice was misleading. No evidence proved that A had authorised E to serve the break notice. A should have signed the break notice.
590 ## - LOCAL NOTE (RLIN)
Local note KA
650 24 - SUBJECT ADDED ENTRY--TOPICAL TERM
Topical term or geographic name entry element HEXSTONE HOLDINGS LTD V AHC WESTLINK LTD
650 24 - SUBJECT ADDED ENTRY--TOPICAL TERM
Topical term or geographic name entry element MANNAI INVESTMENT CO LTD V EAGLE STAR LIFE ASSURANCE CO LTD UK
651 #4 - SUBJECT ADDED ENTRY--GEOGRAPHIC NAME
Geographic name England and Wales
Chronological subdivision 1543-
690 ## - LOCAL SUBJECT ADDED ENTRY--TOPICAL TERM (OCLC, RLIN)
Topical term or geographic name as entry element PROPERTY-COMMERCIAL PROPERTY-LEASEHOLD COMMERCIAL PROPERTY-COMMERCIAL LANDLORD AND TENANT-COMMERCIAL LEASES
856 40 - ELECTRONIC LOCATION AND ACCESS
Uniform Resource Identifier <a href="https://www.bailii.org/ew/cases/EWHC/Ch/2010/1280.html">https://www.bailii.org/ew/cases/EWHC/Ch/2010/1280.html</a>
Public note View the law report free of charge at www.bailii.org
942 ## - ADDED ENTRY ELEMENTS (KOHA)
Suppress in OPAC 0
Holdings
Withdrawn status Lost status Source of classification or shelving scheme Damaged status Not for loan Home library Current library Shelving location Date acquired Total Checkouts Full call number Barcode Date last seen Copy number Price effective from Koha item type
    Dewey Decimal Classification     Virtual Virtual Online 06/05/2011   ONLINE PUBLICATION 152855-2001 06/08/2019 1 06/08/2019 Law report